000 00327 a2200109 4500
001 ART_41869
005 20260410162024.0
008 260409a
245 1 0 _aEl análisis económico del derecho
100 1 _aShavell, Steven
773 0 _tJurisprudencia Argentina
_gDerecho y economía (mayo 2006)
_wREV41622
999 _c33347
_d33347